00362nam a22000977a 4500008004100000082001700041110000800058245016200066260002700228300000900255230609b xxu||||| |||| 00| 0 eng d a354.676bGOK bGOK a2005/2006 Supplementary Estimates (Development Expenditure)bEstimate of further sums required to be voted for the service of the year ending 30th June, 2006 aKenyabGok cJune 2006 a680p